[Event "LSS SB-2010-0-00096"]
[Site "LSS email"]
[Date "2010.06.15"]
[Round "?"]
[White "Rodrigues, Antonio F"]
[Black "Soreghy, Janos"]
[Result "1/2-1/2"]
[WhiteElo "1810"]
[BlackElo "1913"]
[PlyCount "61"]
[EventDate "2010.05.08"]
[EventType "tourn (corr)"]
[EventRounds "6"]
[EventCountry "GER"]
[SourceTitle "Telechess CBM 141"]
[Source "ChessBase"]
[SourceDate "2011.03.17"]
[SourceVersion "1"]
[SourceVersionDate "2011.03.17"]
[SourceQuality "1"]

1. d4 Nf6 2. c4 e6 3. Nf3 b6 4. g3 Ba6 5. b3 Bb4+ 6. Bd2 Be7 7. Bg2 c6 8. 0-0 d5 9. Qc2 Nbd7 10. Bf4 0-0 11. Rc1 h6 12. Nc3 Nh5 13. Be3 Rc8 14. cxd5 cxd5 15. a4 Bb7 16. Qd2 Nhf6 17. Qd3 a6 18. Bf4 Nb8 19. h3 Nc6 20. Ne5 Bd6 21. Nxc6 Rxc6 22. Bd2 Qd7 23. e4 dxe4 24. Nxe4 Nxe4 25. Bxe4 Rcc8 26. Bh7+ Kh8 27. Be4 Be7 28. Bxb7 Qxb7 29. Rc4 Rfd8 30. Rac1 Rxc4 31. Qxc4 1/2-1/2

[Event "LSS SB-2010-0-00096"]
[Site "LSS email"]
[Date "2010.06.13"]
[Round "?"]
[White "Milde, Lars"]
[Black "Rodrigues, Antonio F"]
[Result "1/2-1/2"]
[WhiteElo "1783"]
[BlackElo "1815"]
[PlyCount "49"]
[EventDate "2010.05.08"]
[EventType "tourn (corr)"]
[EventRounds "6"]
[EventCountry "GER"]
[SourceTitle "Telechess CBM 141"]
[Source "ChessBase"]
[SourceDate "2011.03.17"]
[SourceVersion "1"]
[SourceVersionDate "2011.03.17"]
[SourceQuality "1"]

1. e4 c6 2. d4 d5 3. Nc3 dxe4 4. Nxe4 Bf5 5. Ng3 Bg6 6. Nf3 Nd7 7. h4 h6 8. h5 Bh7 9. Bd3 Bxd3 10. Qxd3 e6 11. Bf4 Qa5+ 12. Bd2 Bb4 13. c3 Bd6 14. Ne4 Bc7 15. c4 Qf5 16. 0-0-0 0-0-0 17. Nh4 Qh7 18. Ng6 Ngf6 19. Nxh8 Qxe4 20. Qxe4 Nxe4 21. Nxf7 Rf8 22. Ne5 Nxf2 23. Nxd7 Kxd7 24. Rdf1 Ke8 25. Rh4 1/2-1/2

[Event "LSS SB-2010-0-00096"]
[Site "LSS email"]
[Date "2010.06.13"]
[Round "?"]
[White "Tsuprik, Aleksandr"]
[Black "Rodrigues, Antonio F"]
[Result "0-1"]
[WhiteElo "1399"]
[BlackElo "1830"]
[PlyCount "28"]
[EventDate "2010.05.08"]
[EventType "tourn (corr)"]
[EventRounds "6"]
[EventCountry "GER"]
[SourceTitle "Corr 2013"]
[Source "ChessBase"]
[SourceDate "2012.11.12"]
[SourceVersion "1"]
[SourceVersionDate "2012.11.12"]
[SourceQuality "1"]

1. e4 c6 2. c4 d5 3. exd5 cxd5 4. d4 Nf6 5. Nc3 Nc6 6. Bg5 dxc4 7. d5 Na5 8. Nf3 a6 9. Be2 h6 10. Bxf6 exf6 11. 0-0 Bd6 12. Bxc4 Nxc4 13. Qa4+ b5 14. Nxb5 0-0 0-1

[Event "LSS SB-2010-0-00081"]
[Site "LSS email"]
[Date "2010.02.01"]
[Round "?"]
[White "Rodrigues, Antonio F"]
[Black "Wicklund Hansen, Gunnar"]
[Result "1/2-1/2"]
[WhiteElo "1802"]
[BlackElo "1843"]
[PlyCount "45"]
[EventDate "2010.01.13"]
[EventType "tourn (corr)"]
[EventRounds "6"]
[EventCountry "GER"]
[SourceTitle "Corr 2013"]
[Source "ChessBase"]
[SourceDate "2012.11.12"]
[SourceVersion "1"]
[SourceVersionDate "2012.11.12"]
[SourceQuality "1"]

1. d4 Nf6 2. c4 e6 3. Nf3 b6 4. g3 Bb7 5. Bg2 Be7 6. Nc3 d5 7. cxd5 Nxd5 8. 0-0 0-0 9. Re1 Nxc3 10. bxc3 Be4 11. Bf4 Nc6 12. Bf1 Na5 13. Nd2 Bb7 14. e4 c5 15. Nb3 Nxb3 16. Qxb3 Bd6 17. Bd2 cxd4 18. cxd4 Rc8 19. Rad1 h6 20. Bh3 Rc7 21. Bg4 Re8 22. Qd3 Qa8 23. a3 1/2-1/2